|
|
|
|
| LEADER |
01031nam a2200277 a 4500 |
| 001 |
17653 |
| 003 |
BD-DhAAL |
| 005 |
20140610095409.0 |
| 008 |
140610s1989 cau b 000 0 eng |
| 010 |
|
|
|a 88019723
|
| 020 |
|
|
|a 0534096905
|
| 040 |
|
|
|a DLC
|c DLC
|d DLC
|d BD-DhAAL
|
| 050 |
0 |
0 |
|a HM132
|b .G43 1989
|
| 082 |
0 |
0 |
|a 305.3
|2 19
|
| 245 |
0 |
0 |
|a Gender in intimate relationships :
|b a microstructural approach /
|c [edited by] Barbara J. Risman, Pepper Schwartz.
|
| 260 |
|
|
|a Belmont, Calif. :
|b Wadsworth Pub. Co.,
|c c1989.
|
| 300 |
|
|
|a xvii, 246 p. ;
|c 24 cm.
|
| 504 |
|
|
|a Includes bibliographies.
|
| 541 |
|
|
|e 17653
|
| 650 |
|
0 |
|a Interpersonal relations.
|9 2065
|
| 650 |
|
0 |
|a Sex role.
|9 4788
|
| 700 |
1 |
|
|a Risman, Barbara J.,
|d 1956-
|9 4789
|
| 700 |
1 |
|
|a Schwartz, Pepper.
|9 4790
|
| 942 |
|
|
|2 ddc
|c BK
|
| 999 |
|
|
|c 14402
|d 14402
|
| 952 |
|
|
|0 0
|1 0
|2 ddc
|4 0
|6 305_300000000000000_GEN
|7 0
|9 24402
|a BRACUL
|b BRACUL
|c GEN
|d 2014-06-10
|l 0
|o 305.3 GEN
|p 3010017653
|r 2014-06-10
|t 1
|w 2014-06-10
|y BK
|x Transferred from ENH to Ayesha Abed library on 20/12/2023
|